[Event "Mistrzostwa Polski Juniorow do lat 18 - Dziewczeta"]
[Site "Szklarska Poreba"]
[Date "1899-12-30"]
[Round "4.18"]
[White "Repec, Julia"]
[Black "Chomicka, Kinga"]
[Result "1/2-1/2"]
[WhiteTitle "I"]
[BlackTitle "I+"]
[WhiteElo "1405"]
[BlackElo "1439"]

1. c4 e5 2. Nc3 Nc6 3. g3 g6 4. Bg2 Bg7 5. Rb1 Nge7 6. b4 a6 7. a4 O-O 8. e3 d6
9. Nge2 Bf5 10. d3 Qc8 11. O-O Bh3 12. b5 Bxg2 13. Kxg2 axb5 14. axb5 Na5 15.
e4 b6 16. Be3 f5 17. f3 h6 18. Bd2 f4 19. g4 g5 20. Ra1 Qd7 21. Qc2 Nb7 22. Rfb1
Nc5 23. Na4 Ne6 24. Nac3 Qe8 25. Rxa8 Qxa8 26. Qa2 Qxa2 27. Nxa2 Ra8 28. Nac3
Nc5 29. Nc1 Kf7 30. Rb2 Ke6 31. Nd5 Nxd5 32. cxd5+ Kd7 33. Kf2 Ra3 34. Ke2 Na4
35. Rb3 Rxb3 36. Nxb3 Nc5 37. Nc1 Nb7 38. Be1 Nd8 39. Kd2 Nb7 40. Kc3 Nc5 41.
Bf2 Nb7 42. Nb3 Nd8 43. Nc1 Nf7 44. Ne2 Nh8 45. Ng1 Ng6 46. h3 Ne7 47. Ne2 Ng6
48. Ng1 Ne7 49. Ne2 Ng6 50. Ng1 Ne7 51. Ne2 Ng6 52. Ng1 Ne7 1/2-1/2

[Event "Mistrzostwa Polski Juniorow do lat 18 - Dziewczeta"]
[Site "Szklarska Poreba"]
[Date "1899-12-30"]
[Round "4.19"]
[White "Zygmunt, Magdalena"]
[Black "Polak, Sylwia"]
[Result "1/2-1/2"]
[WhiteTitle "I"]
[BlackTitle "I++"]
[WhiteElo "1256"]
[BlackElo "1629"]

1. e4 c5 2. Nc3 e6 3. g3 g6 4. Bg2 Bg7 5. d3 d6 6. f4 Nc6 7. Nf3 Nge7 8. Be3 Nd4
9. Rb1 Rb8 10. Ne2 Nec6 11. c3 Nxf3+ 12. Bxf3 Qa5 13. Qb3 Bd7 14. O-O O-O 15.
d4 cxd4 16. Nxd4 b5 17. a3 a6 18. Nxc6 Bxc6 19. f5 Qa4 20. Qb4 Qxb4 21. axb4 gxf5
22. exf5 Bxf3 23. Rxf3 Rfe8 24. Rd1 d5 25. fxe6 fxe6 26. Bc5 Rbc8 27. Ra1 Rc6
28. Rd3 Bf8 29. Bd4 e5 30. Be3 Rd8 31. Rad1 Rcd6 32. Bc5 R6d7 33. Bb6 Rb8 34.
Be3 d4 35. cxd4 e4 36. Rc3 Bxb4 37. Rc6 a5 38. Re6 Re7 39. Rxe7 Bxe7 40. d5 Bd6
41. Kf2 a4 42. Bf4 Bc5+ 43. Be3 Bd6 44. Bf4 Bc5+ 45. Be3 Rf8+ 46. Ke2 Bd6 47.
Rd4 Re8 48. Bf4 Bc5 49. Rd1 Rd8 50. Be3 Be7 51. Bf4 Bf6 52. Bc1 Kf7 53. Ke3 Re8
54. Rf1 Kg6 55. h4 Be5 56. g4 Bg3 57. h5+ Kg5 58. Rf7 Kxg4 59. Rg7+ Kh4 60. Rxh7
Re5 61. d6 Rxh5 62. d7 Bc7 63. Rxh5+ Kxh5 64. Kxe4 Kg6 65. Kd5 Kf7 66. Bg5 Ba5
67. Bd2 Bd8 68. Bb4 Bf6 69. Ba3 Bd8 70. Kc6 Ke6 71. Kxb5 Kxd7 72. Kxa4 Kc6 73.
Bf8 Kb7 74. Kb5 Bf6 75. b3 Bc3 76. Bb4 Bf6 77. Kc4 Bh4 78. Bd2 Be7 1/2-1/2

[Event "Mistrzostwa Polski Juniorow do lat 18 - Dziewczeta"]
[Site "Szklarska Poreba"]
[Date "1899-12-30"]
[Round "5.1"]
[White "Waszczuk, Patrycja"]
[Black "Sowa, Wiktoria"]
[Result "1-0"]
[WhiteTitle "WFM"]
[BlackTitle "WFM"]
[WhiteElo "2271"]
[BlackElo "2053"]

1. g3 Nf6 2. Nf3 g6 3. b3 Bg7 4. Bb2 O-O 5. Bg2 c5 6. O-O Nc6 7. d3 d5 8. Ne5 Nxe5
9. Bxe5 e6 10. c4 Nh5 11. Bxg7 Nxg7 12. cxd5 exd5 13. d4 cxd4 14. Qxd4 Be6 15.
Nc3 Nf5 16. Qe5 Re8 17. Rfd1 Rc8 18. Ne4 dxe4 19. Rxd8 Rcxd8 20. Qxe4 Bd5 21.
Qc2 Nd4 22. Qc7 Nxe2+ 23. Kh1 Bxg2+ 24. Kxg2 Rd2 25. Qxb7 Nd4 26. a4 Ree2 27.
Rf1 Nf5 28. Kg1 a5 29. Qa8+ Kg7 30. Qxa5 Ne3 31. Qc3+ Kg8 32. Rc1 h5 33. Qa1 Rb2
34. Re1 Rxf2 35. Qxb2 Rxb2 36. Rxe3 Kg7 37. h4 Kf6 38. Kf1 g5 39. Rf3+ Kg6 40.
hxg5 Kxg5 41. a5 Kg4 42. Rd3 f5 43. a6 Ra2 44. Rd4+ Kxg3 45. Ra4 Rf2+ 46. Ke1
Kf3 47. a7 Re2+ 48. Kf1 Rf2+ 49. Kg1 Rg2+ 50. Kh1 Rg8 51. a8=Q+ Rxa8 52. Rxa8
f4 53. Rf8 Kg3 54. b4 f3 55. b5 1-0

[Event "Mistrzostwa Polski Juniorow do lat 18 - Dziewczeta"]
[Site "Szklarska Poreba"]
[Date "1899-12-30"]
[Round "5.2"]
[White "Raczykowska, Paulina"]
[Black "Harazinska, Magdalena"]
[Result "0-1"]
[WhiteTitle "k"]
[BlackTitle "WFM"]
[WhiteElo "1899"]
[BlackElo "2099"]

1. e4 c5 2. Nf3 e6 3. d4 cxd4 4. Nxd4 Nf6 5. Nc3 d6 6. Bd3 a6 7. O-O Qc7 8. Kh1
b5 9. f4 Bb7 10. Qf3 b4 11. Nce2 Nbd7 12. Bd2 d5 13. Ng3 Qb6 14. Nb3 Nc5 15. e5
Nfe4 16. Bxe4 Nxe4 17. Nxe4 dxe4 18. Qg3 g6 19. Be3 Qc7 20. Nd4 Bc5 21. Rae1 Bd5
22. Qf2 Rc8 23. Qh4 O-O 24. f5 exf5 25. Nxf5 Qxe5 26. Nh6+ Kh8 27. Ng4 Be7 28.
Qf2 Qe6 29. Bd4+ f6 30. Nxf6 Bxf6 31. Bxf6+ Kg8 32. Qh4 e3 33. c3 bxc3 34. Bxc3
e2 35. Rg1 Rc4 36. Qh6 Rf7 37. Qd2 Bxg2+ 38. Rxg2 Rf1+ 39. Rxf1 exf1=Q+ 0-1

[Event "Mistrzostwa Polski Juniorow do lat 18 - Dziewczeta"]
[Site "Szklarska Poreba"]
[Date "1899-12-30"]
[Round "5.3"]
[White "Swiech, Joanna"]
[Black "Rudzinska, Michalina"]
[Result "1/2-1/2"]
[WhiteTitle "k+"]
[BlackTitle "WFM"]
[WhiteElo "1838"]
[BlackElo "2083"]

1. d4 Nf6 2. Bg5 e6 3. e4 h6 4. Bxf6 Qxf6 5. Nc3 Bb4 6. Qd2 d6 7. a3 Bxc3 8. bxc3
e5 9. Nf3 O-O 10. d5 Nd7 11. Bd3 Nc5 12. Qe3 Qe7 13. Nd2 f5 14. exf5 Bxf5 15.
Bxf5 Rxf5 16. O-O Qf7 17. c4 b6 18. f3 Rf8 19. Rae1 Qd7 20. Ne4 Nxe4 21. fxe4
Rxf1+ 22. Rxf1 Rxf1+ 23. Kxf1 Qg4 24. Qd3 h5 25. h3 Qf4+ 26. Ke2 Qc1 27. Qb3 h4
28. Qd3 Qg1 29. Qf3 Qd4 30. Qd3 Qg1 31. Qf3 Qd4 1/2-1/2

[Event "Mistrzostwa Polski Juniorow do lat 18 - Dziewczeta"]
[Site "Szklarska Poreba"]
[Date "1899-12-30"]
[Round "5.4"]
[White "Czarniecka, Aleksandra"]
[Black "Filipska, Maja"]
[Result "1-0"]
[WhiteTitle "k"]
[BlackTitle "I++"]
[WhiteElo "2040"]
[BlackElo "1800"]

1. e4 c5 2. Nf3 g6 3. d4 cxd4 4. Nxd4 Nc6 5. c4 Nf6 6. Nc3 Nxd4 7. Qxd4 d6 8. Be2
Bg7 9. h4 h5 10. Bg5 O-O 11. Qd2 Qa5 12. O-O-O Be6 13. Kb1 Rfc8 14. Nd5 Qxd2 15.
Bxd2 Bxd5 16. exd5 Ne4 17. Be3 Rc7 18. Bd3 Nc5 19. Bc2 Rac8 20. Rhe1 Bf6 21. g3
Nd7 22. b3 b5 23. Bd3 bxc4 24. Bxc4 Nb6 25. Ba6 Rb8 26. Bb5 Rc3 27. Re2 a5 28.
Rc2 Nxd5 29. Rxd5 e6 30. Rxd6 Rxb5 31. Rxc3 Bxc3 32. Kc2 Bb4 33. Rd8+ Kg7 34.
Kd3 Be7 35. Ra8 Rd5+ 36. Kc4 g5 37. Bd4+ Bf6 38. Bb6 gxh4 39. gxh4 Bxh4 40. a4
Rd2 41. f3 e5 42. Rxa5 Kf6 43. Rd5 Rc2+ 44. Kd3 Rc1 45. a5 Ke6 46. Rb5 Kd6 47.
a6 Ra1 48. a7 Kc6 49. Ba5 Kxb5 50. a8=Q Rxa5 51. Qb7+ Kc5 52. b4+ 1-0

[Event "Mistrzostwa Polski Juniorow do lat 18 - Dziewczeta"]
[Site "Szklarska Poreba"]
[Date "1899-12-30"]
[Round "5.5"]
[White "Karlyk, Maria"]
[Black "Skiba, Aleksandra"]
[Result "1/2-1/2"]
[WhiteTitle "I"]
[BlackTitle "k"]
[WhiteElo "1603"]
[BlackElo "1923"]

1. e4 c5 2. b3 Nc6 3. Bb2 e5 4. Bc4 d6 5. Nc3 g6 6. Nge2 Bg7 7. O-O Nf6 8. d3 O-O
9. h3 Nh5 10. Nd5 Nd4 11. c3 Nxe2+ 12. Qxe2 Nf4 13. Nxf4 exf4 14. Qf3 g5 15. d4
Be6 16. Bxe6 fxe6 17. Qg4 Qf6 18. Rad1 Qg6 19. Qe2 f3 20. gxf3 Rf7 21. Rd3 Raf8
22. Kg2 h5 23. Bc1 Bh6 24. Ba3 b6 25. Bb2 Kh7 26. a4 Rf4 27. Bc1 R4f7 28. Bb2
Rf4 29. Bc1 Rg8 30. dxc5 g4 31. fxg4 Rxe4 32. Qc2 hxg4 33. h4 Bxc1 34. Rxc1 dxc5
35. Rcd1 Rf4 36. Rd7+ Rg7 37. Qxg6+ Kxg6 38. Rxg7+ Kxg7 39. Rd7+ Kf6 40. Rxa7
Rf3 1/2-1/2

[Event "Mistrzostwa Polski Juniorow do lat 18 - Dziewczeta"]
[Site "Szklarska Poreba"]
[Date "1899-12-30"]
[Round "5.6"]
[White "Kalinowska, Zuzanna"]
[Black "Malicka, Maria"]
[Result "1/2-1/2"]
[WhiteTitle "WFM"]
[BlackTitle "WCM"]
[WhiteElo "2089"]
[BlackElo "2237"]

1. d4 Nf6 2. c4 e6 3. a3 d5 4. Nc3 c5 5. cxd5 Nxd5 6. e4 Nxc3 7. bxc3 Be7 8. Nf3
O-O 9. Be3 Qa5 10. Bd2 Qc7 11. Bd3 Nc6 12. O-O b6 13. d5 Rd8 14. c4 Bf6 15. Ra2
Nd4 16. Nxd4 Bxd4 17. a4 e5 18. a5 Bd7 19. Qc2 Rdc8 20. Rb1 Rab8 21. axb6 axb6
22. Bf1 b5 23. cxb5 c4 24. Ba5 Qd6 25. Bb4 Qb6 26. Ba5 Qc5 27. b6 Rb7 28. Rb4
Bb5 29. Qb1 Ba6 30. Rba4 Bb5 31. Rb4 Ba6 32. Rba4 Bb5 33. Rb4 1/2-1/2

[Event "Mistrzostwa Polski Juniorow do lat 18 - Dziewczeta"]
[Site "Szklarska Poreba"]
[Date "1899-12-30"]
[Round "5.7"]
[White "Kucharska, Honorata"]
[Black "Michalska, Aleksandra"]
[Result "1-0"]
[WhiteTitle "WFM"]
[BlackTitle "I++"]
[WhiteElo "2143"]
[BlackElo "1825"]

1. d4 d5 2. Bf4 Nf6 3. e3 e6 4. Nf3 Bd6 5. Nbd2 Nbd7 6. Ne5 O-O 7. Bd3 Qe7 8. Bg3
Rd8 9. f4 c5 10. c3 Qe8 11. O-O c4 12. Bc2 Nf8 13. Bh4 Be7 14. Rf3 N6d7 15. Bxe7
Qxe7 16. e4 f6 17. Nxd7 Bxd7 18. Re3 Qf7 19. Qe2 Re8 20. Re1 Bc6 21. Qf3 b5 22.
b3 Rac8 23. Qh3 Qc7 24. f5 exf5 25. Qxf5 dxe4 26. Bxe4 Bd7 27. Qh5 g6 28. Qf3
Kg7 29. bxc4 bxc4 30. Bd5 Rxe3 31. Rxe3 Re8 32. Rxe8 Bxe8 33. Bxc4 Bc6 34. Qe3
Qb7 35. Bf1 g5 36. c4 Ng6 37. d5 Ba4 38. Qd4 Bc2 39. c5 Ne5 40. c6 Qc7 41. Nc4
Nf7 42. Qc5 Be4 43. Nd2 Bf5 44. Nf3 Nd6 45. Nd4 Kf7 46. Nb5 Nxb5 47. Bxb5 Qe5
48. Bf1 Ke8 49. a4 Bc8 50. h3 a6 51. c7 Kf7 52. Qc4 Qe3+ 53. Kh1 Ke7 54. Be2 f5
55. a5 g4 56. hxg4 fxg4 57. Qb4+ Ke8 58. Bxg4 Qc1+ 59. Kh2 Qxc7+ 60. d6 Qd8 61.
Qe4+ Kf7 62. Qxh7+ 1-0

[Event "Mistrzostwa Polski Juniorow do lat 18 - Dziewczeta"]
[Site "Szklarska Poreba"]
[Date "1899-12-30"]
[Round "5.8"]
[White "Moscicka, Pola"]
[Black "Orlik, Sandra"]
[Result "1/2-1/2"]
[WhiteTitle "k++"]
[BlackTitle "I++"]
[WhiteElo "2050"]
[BlackElo "1678"]

1. d4 d5 2. c4 e6 3. Nc3 Nf6 4. cxd5 exd5 5. Bg5 c6 6. e3 Be7 7. Bd3 Nbd7 8. Nge2
Nf8 9. Qc2 Ne6 10. Bh4 g6 11. O-O O-O 12. f3 b5 13. a3 a5 14. Bf2 Bb7 15. Kh1
Rc8 16. Qd2 Re8 17. Bg1 b4 18. axb4 axb4 19. Na4 Nd7 20. Rad1 Ra8 21. Bc2 Ra5
22. e4 Qa8 23. b3 Ba6 24. f4 dxe4 25. Bxe4 f5 26. Bf3 Nc7 27. Rfe1 Nd5 28. Nc1
Bd6 29. Be3 N7f6 30. Nd3 Bxd3 31. Qxd3 Nxe3 32. Rxe3 Bxf4 33. Nb6 Qd8 34. Rxe8+
Qxe8 35. Qc4+ Kg7 36. Bxc6 Qe3 37. Bf3 Ra2 38. Qxb4 Rf2 39. Nd5 Nxd5 40. Bxd5
Qe2 41. Qe1 Qh5 42. Qe7+ Kh6 43. Qf8+ 1/2-1/2

[Event "Mistrzostwa Polski Juniorow do lat 18 - Dziewczeta"]
[Site "Szklarska Poreba"]
[Date "1899-12-30"]
[Round "5.9"]
[White "Kulpa, Zuzanna"]
[Black "Jedras, Adrianna"]
[Result "1-0"]
[WhiteTitle "k"]
[BlackTitle "I"]
[WhiteElo "1955"]
[BlackElo "1440"]

1. e4 e5 2. Nf3 Nc6 3. Bb5 a6 4. Ba4 d6 5. O-O b5 6. Bb3 Be7 7. c3 Nf6 8. Re1 O-O
9. h3 Be6 10. Bc2 d5 11. exd5 Bxd5 12. Nxe5 Nxe5 13. Rxe5 Bd6 14. Re1 Qd7 15.
d4 Rae8 16. Be3 Qc6 17. f3 Bg3 18. Bf2 Bf4 19. Nd2 Rxe1+ 20. Bxe1 Re8 21. Nf1
Re6 22. Bg3 Nh5 23. Bf2 Nf6 24. Qd3 Bc4 25. Qf5 Bh6 26. Re1 Bxf1 27. Kxf1 Qc4+
28. Qd3 Qxa2 29. Bh4 Rxe1+ 30. Kxe1 Qe6+ 31. Qe2 Qd6 32. Kf2 g6 33. Bb3 Kg7 34.
Kf1 Bf4 35. Bf2 Nh5 36. Qe8 Qf6 37. g4 Bd6 38. gxh5 Qxf3 39. h6+ Kxh6 40. Qe3+
Qxe3 41. Bxe3+ Kg7 42. Kf2 f5 43. Kf3 Kf6 44. h4 a5 45. Bf4 Bxf4 46. Kxf4 h6 47.
h5 g5+ 48. Kf3 Ke7 49. Bc2 Ke6 50. Ke3 Kf6 51. Bd1 Ke6 52. Be2 c6 53. Kd3 Kd6
54. c4 b4 55. c5+ Ke6 56. Bf3 g4 57. Bxc6 f4 58. Be4 f3 59. Ke3 Ke7 60. b3 Kd8
61. Bf5 a4 62. bxa4 b3 63. Bxg4 b2 64. Bf5 1-0

[Event "Mistrzostwa Polski Juniorow do lat 18 - Dziewczeta"]
[Site "Szklarska Poreba"]
[Date "1899-12-30"]
[Round "5.10"]
[White "Furtak, Joanna"]
[Black "Roszkiewicz, Anna"]
[Result "1/2-1/2"]
[WhiteTitle "k"]
[BlackTitle "I++"]
[WhiteElo "1922"]
[BlackElo "1624"]

1. e4 c6 2. d4 d5 3. Nc3 dxe4 4. Nxe4 Bf5 5. Ng3 Bg6 6. h4 h6 7. f4 e6 8. Nf3 Nd7
9. h5 Bh7 10. Bd3 Bxd3 11. Qxd3 Qc7 12. Bd2 Ngf6 13. O-O-O Be7 14. Rhe1 O-O-O
15. Ne5 Nxe5 16. fxe5 Nd5 17. Qf3 Bh4 18. Rf1 Bxg3 19. Qxg3 Rhg8 20. c4 Nb6 21.
Ba5 c5 22. d5 Rdf8 23. Qf4 Qe7 24. d6 Qg5 25. Qxg5 hxg5 26. Bxb6 axb6 27. d7+
Kd8 28. Rd6 Ke7 29. Rxb6 Rb8 30. Rd1 Rgd8 31. Rb5 Rxd7 32. Rxd7+ Kxd7 33. Rxc5
g4 34. Rb5 Kc6 35. Kd2 Rh8 36. Ke3 Rxh5 37. Kf4 Rf5+ 38. Kg3 Rf1 39. a4 Ra1 40.
a5 Rc1 41. b3 Rc2 42. Rb6+ Kc7 43. Kh2 Rc3 44. Rb4 Re3 45. Rb5 f6 46. Rc5+ Kd7
47. b4 fxe5 48. b5 Ra3 49. Rxe5 Rxa5 50. Rg5 b6 51. Rxg7+ Kd6 52. Rxg4 Kc5 53.
Re4 Ra4 54. g4 Ra2+ 55. Kg3 Kd6 56. g5 e5 57. Kg4 Ke6 58. Kf3 Kf5 59. g6 Ra3+
60. Re3 e4+ 61. Kf2 Ra2+ 62. Re2 Ra7 63. Rc2 Kxg6 64. c5 bxc5 65. Ke3 Ra4 66.
Rxc5 Rb4 67. Kf4 Kf6 68. Rc6+ Ke7 69. b6 Kd7 70. Rh6 Kc8 71. Re6 Kb7 72. Rxe4
Rxe4+ 73. Kxe4 Kxb6 1/2-1/2

[Event "Mistrzostwa Polski Juniorow do lat 18 - Dziewczeta"]
[Site "Szklarska Poreba"]
[Date "1899-12-30"]
[Round "5.11"]
[White "Budkiewicz, Magdalena"]
[Black "Jarocka, Liwia"]
[Result "0-1"]
[WhiteTitle "I++"]
[BlackTitle "FM"]
[WhiteElo "1702"]
[BlackElo "1919"]

1. e4 c5 2. Nf3 Nc6 3. d4 cxd4 4. Nxd4 Nf6 5. Nc3 d6 6. Be2 g6 7. O-O Bg7 8. Nb3
O-O 9. f4 a6 10. Be3 b5 11. a3 Bb7 12. Bf3 Nd7 13. Qd2 Nb6 14. Be2 Rc8 15. Nd5
Na4 16. Nd4 Nxd4 17. Bxd4 Bxd4+ 18. Qxd4 Bxd5 19. Qxd5 Rxc2 20. Bg4 Rxb2 21. f5
Nb6 22. Qd3 Nc4 23. fxg6 hxg6 24. Qg3 Qb6+ 25. Kh1 Qe3 26. Rf3 Qxe4 27. Bf5 Qe5
28. Qg5 Rf2 29. Rg1 Rxf3 30. gxf3 Ne3 0-1

[Event "Mistrzostwa Polski Juniorow do lat 18 - Dziewczeta"]
[Site "Szklarska Poreba"]
[Date "1899-12-30"]
[Round "5.12"]
[White "Sivickis, Wiktoria"]
[Black "Zalucka, Emilia"]
[Result "1-0"]
[WhiteTitle "I++"]
[BlackTitle "I"]
[WhiteElo "1775"]
[BlackElo "1512"]

1. Nf3 Nf6 2. g3 d5 3. d4 e6 4. Bg2 Nbd7 5. c4 b6 6. Nc3 Bb7 7. O-O Be7 8. cxd5
exd5 9. Ne5 O-O 10. Qb3 Nxe5 11. dxe5 Ne4 12. Nxe4 dxe4 13. Rd1 Qc8 14. Qc2 f5
15. exf6 Bxf6 16. Bxe4 Bxe4 17. Qxe4 Re8 18. Qc4+ Kh8 19. e4 Qg4 20. Re1 c5 21.
Kg2 Rad8 22. f3 Qg6 23. Rb1 Rd4 24. Qa6 Qf7 25. Be3 Rc4 26. Re2 Bd4 27. Bf4 Rf8
28. Rf1 b5 29. Qxb5 Rb4 30. Qa5 Rxb2 31. Rxb2 Bxb2 32. Qxc5 Rd8 33. Qc7 Rd2+ 34.
Rf2 Rxf2+ 35. Kxf2 Bd4+ 36. Kf1 Qxa2 37. Qd8+ Qg8 38. Qxd4 1-0

[Event "Mistrzostwa Polski Juniorow do lat 18 - Dziewczeta"]
[Site "Szklarska Poreba"]
[Date "1899-12-30"]
[Round "5.13"]
[White "Sawa, Daria"]
[Black "Tarka, Aleksandra"]
[Result "1/2-1/2"]
[WhiteTitle "I"]
[BlackTitle "I++"]
[WhiteElo "1558"]
[BlackElo "1706"]

1. e4 c5 2. Nf3 e6 3. d4 cxd4 4. Nxd4 Nf6 5. Nc3 Nc6 6. Be3 Bb4 7. Bd3 d5 8. exd5
Nxd5 9. Nxc6 bxc6 10. Bd2 Nxc3 11. bxc3 Bd6 12. O-O O-O 13. Qh5 g6 14. Qh6 Be5
15. Rab1 Bg7 16. Qe3 Qc7 17. Rb4 Bd7 18. Qf3 Rab8 19. Rh4 Qa5 20. Bc4 Qf5 21.
Qxf5 exf5 22. Be3 Bxc3 23. Bxa7 Rb2 24. Bb3 Be6 25. Rh3 Bg7 26. Bc5 Ra8 27. a4
Bxb3 28. cxb3 Rb8 29. b4 Bf8 30. Bxf8 Rxf8 31. Rh4 Rb8 32. Rc1 R8xb4 33. Rxb4
Rxb4 34. g3 Rxa4 35. Rxc6 Kg7 36. h4 h6 37. Kg2 g5 38. h5 Rb4 39. Ra6 Re4 40.
Rb6 Ra4 41. Rc6 g4 42. Rb6 Re4 43. Rb8 Kf6 44. Rg8 Re7 45. Kf1 Re4 46. Kg2 Re1
47. Kh2 Re2 48. Kg2 Re4 1/2-1/2

[Event "Mistrzostwa Polski Juniorow do lat 18 - Dziewczeta"]
[Site "Szklarska Poreba"]
[Date "1899-12-30"]
[Round "5.14"]
[White "Giefert, Sara"]
[Black "Vanduyfhuys, Daria"]
[Result "0-1"]
[WhiteTitle "I+"]
[BlackTitle "WCM"]
[WhiteElo "1624"]
[BlackElo "2023"]

1. Nf3 d5 2. e3 c5 3. b3 Nf6 4. Bb2 g6 5. Bb5+ Bd7 6. Bxd7+ Qxd7 7. Ne5 Qd6 8.
f4 Bg7 9. O-O O-O 10. d3 Nc6 11. Nd2 Rfe8 12. Nxc6 Qxc6 13. Qf3 e6 14. g4 Ne4
15. dxe4 Bxb2 16. Rad1 Rad8 17. e5 f6 18. exf6 Bxf6 19. e4 Bd4+ 20. Kg2 Rf8 21.
Qe2 Bc3 22. Nb1 Bg7 23. e5 Rd7 24. Rf3 Rdf7 25. Rdf1 Qc7 26. c4 d4 27. Nd2 g5
28. Ne4 gxf4 29. Nd6 Rd7 30. Rxf4 Rxf4 31. Rxf4 Bxe5 32. Qxe5 Qxd6 33. Qg5+ Rg7
34. Qf6 d3 35. Re4 Rg6 36. Qf1 d2 37. Qd1 Qd3 38. Rf4 e5 39. Rf2 Rd6 40. g5 e4
41. Qh5 Rg6 42. Qg4 d1=Q 43. Qf5 Q3f3+ 0-1

[Event "Mistrzostwa Polski Juniorow do lat 18 - Dziewczeta"]
[Site "Szklarska Poreba"]
[Date "1899-12-30"]
[Round "5.15"]
[White "Wolagiewicz, Kinga"]
[Black "Choinska, Debora"]
[Result "1-0"]
[WhiteTitle "I"]
[BlackTitle "I++"]
[WhiteElo "1633"]
[BlackElo "1668"]

1. e4 e5 2. Nf3 Nf6 3. d4 Nxe4 4. Bd3 d5 5. Nxe5 Qf6 6. O-O Bd6 7. c4 c6 8. cxd5
cxd5 9. Nc3 Nxc3 10. bxc3 O-O 11. Qh5 g6 12. Ng4 Bxg4 13. Qxg4 h5 14. Qh3 Bf4
15. Qf3 Bg5 16. Qxd5 Bxc1 17. Qxb7 Nc6 18. Raxc1 Rab8 19. Qa6 Rb6 20. Qa3 Rd8
21. Rb1 Rxb1 22. Rxb1 Qe6 23. Qb3 Qd6 24. Bc4 Qe7 25. Qc2 Kg7 26. h3 Qc7 27. Qe2
Na5 28. Bb3 Qxc3 29. Qe5+ Kg8 30. Qf6 Qc7 31. Qxg6+ Kf8 32. Qxh5 Nxb3 33. axb3
Kg8 34. Qg5+ Kf8 35. Qc5+ Qxc5 36. dxc5 Rc8 37. b4 a5 38. bxa5 Rxc5 39. Rb8+ Kg7
40. a6 Ra5 41. Ra8 Ra1+ 42. Kh2 Ra2 43. Kg3 Ra3+ 44. f3 Ra4 45. f4 Ra3+ 46. Kh4
Ra2 47. g4 Ra5 48. a7 Ra6 49. g5 Ra4 50. Kg4 Ra1 51. f5 Rg1+ 52. Kh4 Ra1 53. f6+
Kh7 54. g6+ fxg6 55. f7 Ra3 56. f8=Q Ra4+ 57. Kg3 1-0

[Event "Mistrzostwa Polski Juniorow do lat 18 - Dziewczeta"]
[Site "Szklarska Poreba"]
[Date "1899-12-30"]
[Round "5.16"]
[White "Polak, Sylwia"]
[Black "Zygmunt, Patrycja"]
[Result "1-0"]
[WhiteTitle "I++"]
[BlackTitle "I"]
[WhiteElo "1629"]
[BlackElo "1230"]

1. d4 e6 2. Nc3 f5 3. e4 Bb4 4. exf5 exf5 5. Bd3 d5 6. Nf3 Nf6 7. O-O O-O 8. Bg5
h6 9. Bxf6 Rxf6 10. Ne5 Nc6 11. Nxd5 Nxe5 12. Nxf6+ Qxf6 13. dxe5 Qxe5 14. Qe2
Qf6 15. Bc4+ Kh7 16. Qe8 Qf8 17. Qxf8 Bxf8 18. Rad1 Bd6 19. Bd5 Bd7 20. c4 Rf8
21. Bxb7 Rb8 22. c5 Bxc5 23. Rxd7 Rxb7 24. b3 Bd6 25. Rd8 Rb5 26. Re1 Rd5 27.
Rde8 f4 28. h3 Rh5 29. Kh2 g5 30. f3 g4 31. fxg4 Rd5 32. Kg1 Bc5+ 33. Kf1 Rd2
34. R8e2 Rd3 35. Re7+ Kg8 36. Rxc7 Bb4 37. Re8+ Bf8 38. Rcc8 1-0

[Event "Mistrzostwa Polski Juniorow do lat 18 - Dziewczeta"]
[Site "Szklarska Poreba"]
[Date "1899-12-30"]
[Round "5.17"]
[White "Chomicka, Kinga"]
[Black "Taranowicz, Zofia"]
[Result "1-0"]
[WhiteTitle "I+"]
[BlackTitle "I"]
[WhiteElo "1439"]
[BlackElo "1185"]

1. e4 c6 2. d4 d5 3. exd5 cxd5 4. Nc3 Nf6 5. Nf3 Bf5 6. Be2 e6 7. Nh4 Bg6 8. Nxg6
hxg6 9. a3 Bd6 10. h3 a6 11. Be3 Nbd7 12. Qd2 Qc7 13. Rc1 Rc8 14. Bf3 Nb6 15.
Be2 O-O 16. Nb1 Na4 17. c3 Nb6 18. O-O Ne4 19. Qc2 Qd7 20. Nd2 Nxd2 21. Qxd2 Nc4
22. Bxc4 Rxc4 23. Bf4 Rfc8 24. Bxd6 Qxd6 25. f4 b5 26. Qe3 a5 27. Rf2 b4 28. axb4
axb4 29. Rfc2 Qc7 30. Kf1 bxc3 31. Rxc3 Qb8 32. Rxc4 Rxc4 33. Rxc4 dxc4 34. Qc1
Qb3 35. Qc3 Qxc3 36. bxc3 Kf8 37. Ke2 Ke7 38. Ke3 Kd6 39. g4 Kd5 40. Kf3 f6 41.
h4 e5 42. fxe5 fxe5 43. dxe5 Kxe5 44. Ke3 Kd5 45. Kf4 g5+ 46. hxg5 g6 47. Kf3
Kc6 48. Ke4 Kc5 49. Ke5 Kc6 50. Kd4 Kd6 51. Kxc4 Ke5 52. Kb5 Kf4 53. c4 Kxg5 54.
c5 Kxg4 55. c6 Kf3 56. c7 g5 57. c8=Q g4 58. Qf5+ Kg3 59. Kc4 Kh3 60. Kd3 Kh4
61. Ke3 g3 62. Kf3 g2 63. Qg4# 1-0

[Event "Mistrzostwa Polski Juniorow do lat 18 - Dziewczeta"]
[Site "Szklarska Poreba"]
[Date "1899-12-30"]
[Round "5.18"]
[White "Sloniec, Natalia"]
[Black "Repec, Julia"]
[Result "0-1"]
[WhiteTitle "II+"]
[BlackTitle "I"]
[WhiteElo "1124"]
[BlackElo "1405"]

1. e4 e6 2. d4 d5 3. exd5 exd5 4. Nf3 Nf6 5. h3 c6 6. c3 Bd6 7. Bd3 O-O 8. O-O
Be6 9. Re1 h6 10. Be3 Nbd7 11. Nbd2 c5 12. dxc5 Bxc5 13. Bxc5 Nxc5 14. Nf1 Qb6
15. b3 Nfe4 16. Bxe4 Nxe4 17. Qd4 Qxd4 18. cxd4 Rac8 19. Ne3 Rc3 20. Rac1 Rfc8
21. Rxc3 Rxc3 22. Re2 Rc1+ 23. Kh2 Kf8 24. g3 Nc3 25. Rb2 Ke7 26. a4 Kd6 27. Kg2
Rb1 28. Rxb1 Nxb1 29. Nd1 Bf5 30. g4 Be4 31. Kg3 g6 32. Ne5 Ke6 33. Ne3 f6 34.
Nf3 Bxf3 35. Kxf3 Nd2+ 36. Ke2 Nxb3 37. Kd3 Na5 38. Kc3 Nc6 39. f4 Ne7 40. Kb4
Kd6 41. h4 f5 42. g5 hxg5 43. hxg5 Nc6+ 44. Kc3 a6 45. Nc2 Na5 46. Na3 Kc6 47.
Kb4 Nc4 48. Nxc4 dxc4 49. Kxc4 b5+ 50. axb5+ axb5+ 51. Kc3 Kd5 52. Kd3 b4 53.
Kc2 Kxd4 0-1

[Event "Mistrzostwa Polski Juniorow do lat 18 - Dziewczeta"]
[Site "Szklarska Poreba"]
[Date "1899-12-30"]
[Round "5.19"]
[White "Majdecka, Nikola"]
[Black "Drob, Julia"]
[Result "0-1"]
[WhiteTitle "I"]
[BlackTitle "I"]
[WhiteElo "1098"]
[BlackElo "1387"]

1. e4 c5 2. Nf3 d6 3. d4 cxd4 4. Nxd4 Nf6 5. Nc3 g6 6. Be3 Bg7 7. f3 Nc6 8. Qd2
O-O 9. O-O-O Nxd4 10. Bxd4 Be6 11. Kb1 Qd7 12. h4 Rfc8 13. g4 Rxc3 14. Bxc3 Qa4
15. a3 Rc8 16. Qd4 Qc6 17. Qe3 b5 18. Bh3 b4 19. axb4 Qa4 20. Kc1 Nd7 21. Rh2
Nb6 22. Bf1 Bc4 23. b3 Qa3+ 24. Kd2 Bxc3+ 25. Qxc3 Bxf1 26. Qa1 Qxb4+ 27. c3 Qxb3
28. Rxf1 Nc4+ 29. Ke1 Ne3 30. Rff2 Rxc3 31. Rb2 Qc4 32. Rb1 Qf1+ 33. Kd2 Rd3#
0-1

[Event "Mistrzostwa Polski Juniorow do lat 18 - Dziewczeta"]
[Site "Szklarska Poreba"]
[Date "1899-12-30"]
[Round "6.1"]
[White "Czarniecka, Aleksandra"]
[Black "Waszczuk, Patrycja"]
[Result "0-1"]
[WhiteTitle "k"]
[BlackTitle "WFM"]
[WhiteElo "2040"]
[BlackElo "2271"]

1. e4 d5 2. Nc3 d4 3. Nce2 e5 4. Nf3 Nc6 5. Ng3 Be6 6. Bb5 f6 7. Qe2 a6 8. Bc4
Bxc4 9. Qxc4 Qd7 10. a3 Nge7 11. d3 h5 12. h4 Nc8 13. Bd2 Nd6 14. Qa2 g6 15. b4
a5 16. Qb2 a4 17. O-O Nb5 18. Rfd1 O-O-O 19. c4 dxc3 20. Bxc3 Qg4 21. Qc2 Nxc3
22. Qxc3 Nd4 23. Nxd4 exd4 24. Qc2 Qxh4 25. b5 Kb8 26. b6 cxb6 27. Rab1 Bc5 28.
e5 f5 29. Qxa4 Qg4 30. Nf1 h4 31. Nh2 Qg5 32. Rdc1 h3 33. g3 f4 34. g4 Qxe5 35.
Qb5 Rhe8 36. a4 Qd5 37. f3 Re2 38. Rb2 Rde8 39. a5 Qd8 40. Rcc2 Re1+ 41. Nf1 Qh4
42. Kh2 R8e5 43. Qb3 Rxf1 44. Qg8+ Ka7 0-1

[Event "Mistrzostwa Polski Juniorow do lat 18 - Dziewczeta"]
[Site "Szklarska Poreba"]
[Date "1899-12-30"]
[Round "6.2"]
[White "Sowa, Wiktoria"]
[Black "Harazinska, Magdalena"]
[Result "1/2-1/2"]
[WhiteTitle "WFM"]
[BlackTitle "WFM"]
[WhiteElo "2053"]
[BlackElo "2099"]

1. e4 e5 2. Bc4 Nc6 3. Nf3 Bc5 4. O-O Nf6 5. d3 d6 6. c3 O-O 7. Nbd2 a6 8. b4 Ba7
9. Re1 h6 10. Nf1 Be6 11. Ng3 Qd7 12. Qe2 Rfe8 13. Bxe6 fxe6 14. Be3 Bxe3 15.
fxe3 d5 16. a3 Rad8 17. Rad1 Qf7 18. exd5 exd5 19. e4 d4 20. c4 Qe6 21. Nf5 Kh7
22. Rc1 Ne7 23. Nxe7 Rxe7 24. Nd2 Qg4 25. Qxg4 Nxg4 26. h3 Ne3 27. Nf1 Red7 28.
c5 c6 29. Nd2 Kg6 30. Nf3 Kf6 31. a4 Rc7 32. Re2 Ke6 33. Rb2 Ra8 34. Ra2 g5 35.
Nh2 Rf7 36. Rf2 Rxf2 37. Kxf2 Rf8+ 38. Nf3 h5 39. Kg1 Rg8 40. Nd2 Rf8 41. Nc4
Nxc4 42. Rxc4 Kd7 43. Rc2 Kc7 44. Rb2 1/2-1/2